| 000 | 00000nam 2200000zi 4500 |
| 001 | 9.925245 |
| 003 | CaOODSP |
| 005 | 20240912160249 |
| 006 | m o d f |
| 007 | cr |n||||||||| |
| 008 | 230720e197310 oncb o f000 0|fre d |
| 040 | |aCaOODSP|bfre|cCaOODSP|erda |
| 043 | |an-cn-qu |
| 086 | 1 |aRE22-325/1973F-PDF |
| 245 | 00|aProgramme zones spéciales Québec. |
| 264 | 1|aOttawa : |bMinistère de l'expansion économique régionale = Department of Regional Economic Expansion, |coctobre 1973. |
| 300 | |a1 ressource en ligne (1 volume (en pagination multiple)) : |bcartes |
| 336 | |atexte|btxt|2rdacontent/fre |
| 337 | |ainformatique|bc|2rdamedia/fre |
| 338 | |aressource en ligne|bcr|2rdacarrier/fre |
| 500 | |aÉdition numérisée de l'imprimé [par Innovation, Sciences et Développement économique Canada]. |
| 650 | 6|aAide au développement économique régional|zQuébec (Province) |
| 650 | 6|aAménagement du territoire|zQuébec (Province) |
| 650 | 0|aEconomic assistance, Domestic|zQuébec (Province) |
| 650 | 0|aRegional planning|zQuébec (Province) |
| 710 | 1 |aCanada. |bMinistère de l'expansion économique régionale, |eorganisme de publication. |
| 856 | 40|qPDF|s1959 Ko|uhttps://publications.gc.ca/collections/collection_2024/isde-ised/re22/RE22-325-1973-fra.pdf |